| 000 | 01064nam a22002177a 4500 | ||
|---|---|---|---|
| 003 | OSt | ||
| 005 | 20181206111809.0 | ||
| 008 | 180313b xxu||||| |||| 00| 0 spa d | ||
| 020 | _a8425908558 | ||
| 040 | _cPJ | ||
| 100 |
_9160 _aNavarro, Pablo Eugenio |
||
| 245 | 1 | 3 |
_aLa eficacia del derecho : _buna investigación sobre la existencia y funcionamiento de los sistemas jurídicos / _cPablo Eugenio Navarro. |
| 260 |
_aMadrid : _bCentro de Estudios Constitucionales, _c1990. |
||
| 300 |
_a99 p. _c21cm |
||
| 490 |
_aEl derecho y la Justicia _v16 |
||
| 500 | _aCitas y notas bibliográficas a pie de página. | ||
| 504 | _aBibliografía: p. 97-99 | ||
| 505 | _aContenido: I. Eficacia y normas jurídicas -- II. Imperativo jurídico y concepción expresiva de las normas -- III. Actitudes normativas y sistemas jurídicos -- IV. Eficacia, tiempo y correspondencia -- V. Principio de eficacia y existencia de los sistemas jurídicos -- VI. Eficacia y funcionamiento del derecho. | ||
| 650 |
_aDERECHO EN GENERAL _9209 |
||
| 942 |
_2udc _cLIB _h340.11 _iNAV |
||
| 999 |
_c159 _d159 |
||